Cây đậu xanh: Kỹ thuật trồng và chế biến sản phẩm
Gardado en:
| Autor Principal: | |
|---|---|
| Formato: | Libro |
| Idioma: | Undetermined |
| Publicado: |
Hà Nội
Nông Nghiệp
1999
|
| Những chủ đề: | |
| Các nhãn: |
Engadir etiqueta
Sen Etiquetas, Sexa o primeiro en etiquetar este rexistro!
|
| Thư viện lưu trữ: | Trung tâm Học liệu Trường Đại học Cần Thơ |
|---|
| LEADER | 00532nam a2200169Ia 4500 | ||
|---|---|---|---|
| 001 | CTU_35354 | ||
| 008 | 210402s9999 xx 000 0 und d | ||
| 082 | |a 633.3 | ||
| 082 | |b Th309/1999 | ||
| 100 | |a Phạm Văn Thiều | ||
| 245 | 0 | |a Cây đậu xanh: Kỹ thuật trồng và chế biến sản phẩm | |
| 245 | 0 | |c Phạm Văn Thiều | |
| 260 | |a Hà Nội | ||
| 260 | |b Nông Nghiệp | ||
| 260 | |c 1999 | ||
| 650 | |a field crops,mung bean | ||
| 980 | |a Trung tâm Học liệu Trường Đại học Cần Thơ | ||